Statistics for Celebrity Mugshots Quiz #3

Click here to take the quiz!

General Stats

  • This quiz has been taken 130,073 times
    (40,989 since last reset)
  • The average score is 8 of 16

Answer Stats

Answer% Correct
Snoop Dogg
95%
Bruno Mars
83%
Robert Downey Jr
83%
Paris Hilton
80%
Lindsay Lohan
76%
Bill Gates
59%
Mick Jagger
55%
Vince Vaughn
44%
Kiefer Sutherland
39%
Johnny Cash
37%
Puff Daddy
36%
Mickey Rourke
30%
Paul Reubens
30%
Wesley Snipes
30%
Michelle Rodriguez
25%
Chris Tucker
24%

Score Distribution

Percentile by Number Answered

Percent of People with Each Score

Your Score History

You have not taken this quiz since the last reset